2022 Global Status Report for Buildings and Construction (Record no. 121378)

MARC details
000 -LEADER
fixed length control field 01388nam a22002177a 4500
008 - FIXED-LENGTH DATA ELEMENTS--GENERAL INFORMATION
fixed length control field 230220s2022 ke |||||o|||| 00| 0 eng d
020 ## - INTERNATIONAL STANDARD BOOK NUMBER
ISBN 9789280739848
041 ## - LANGUAGE CODE
Language code of text/sound track or separate title eng
110 ## - MAIN ENTRY--CORPORATE NAME
Corporate author United Nations Environment Programme
245 ## - TITLE STATEMENT
Title 2022 Global Status Report for Buildings and Construction
260 ## - PUBLICATION INFORMATION
Publisher United Nations Environment Programme,
Date 2022,
Place of publication Nairobi
300 ## - PHYSICAL DESCRIPTION
Physical description 101p.
520 ## - ABSTRACT
Abstract Provides an annual snapshot of the progress of the buildings and construction sector on a global scale and reviews the status of policies, finance, technologies, and solutions to monitor whether the sector is aligned with the Paris Agreement goals. It also provides stakeholders with evidence to persuade policymakers and the overall buildings and construction community to take action. The 2022 Buildings-GSR finds that despite a substantial increase in investment and success at a global level lowering the energy intensity of buildings, the sector’s total energy consumption and CO2 emissions increased in 2021 above pre-pandemic levels.
650 ## - KEYWORDS
Keywords Net-zero carbon
650 ## - KEYWORDS
Keywords Energy efficiency
651 ## - SUBJECT ADDED ENTRY--GEOGRAPHIC NAME
Geographic name International
690 ## - BROAD SUBJECT
9 (RLIN) 6238
Broad subject Environment
710 ## - ADDED CORPORATE NAME
Added corporate author United Nations Environment Programme
856 ## - ONLINE RESOURCE
Uniform Resource Identifier <a href="https://www.unep.org/resources/publication/2022-global-status-report-buildings-and-construction">https://www.unep.org/resources/publication/2022-global-status-report-buildings-and-construction</a>
Public note Available from UNEP
942 ## - ADDED ENTRY ELEMENTS (KOHA)
Suppress in OPAC Do not suppress in OPAC
Holdings
Lost status Damaged status Not for loan Home library Current library Shelving location Date acquired Total Checkouts Date last seen Price effective from Koha item type
      Virtual Virtual Online 20/02/2023   20/02/2023 20/02/2023 Online material